25 años de régimen constitucional: a mayor democracia formal, mayor tragedia social /

El autor plantea que la inseguridad e indefensión caracterizan la situación vital de la mayoría de los hondureños. Las salidas a la crisis son cada vez mas individuales. Los proyectos de salida que se ofrecen están cada vez más privatizados. La economía se sostiene con los "pobredolares" d...

Mô tả đầy đủ

Đã lưu trong:
Chi tiết về thư mục
Tác giả chính: Moreno, Ismael
Định dạng: Texto
Những chủ đề:
Các nhãn: Thêm thẻ
Không có thẻ, Là người đầu tiên thẻ bản ghi này!

MARC

LEADER 00000 a a2200000 04500
001 7195
003
040
100 |a Moreno, Ismael  
245 |a 25 años de régimen constitucional:   |b a mayor democracia formal, mayor tragedia social /  |c Ismael Moreno 
520 |a El autor plantea que la inseguridad e indefensión caracterizan la situación vital de la mayoría de los hondureños. Las salidas a la crisis son cada vez mas individuales. Los proyectos de salida que se ofrecen están cada vez más privatizados. La economía se sostiene con los "pobredolares" de los migrantes. Y la clase política es crecientemente cínica. Son los colores bipartidistas, pero es uno solo el color del dinero que los une  
650 |a ASPECTOS SOCIALES  
650 |a DEMOCRACIA  
650 |a CRISIS  
650 |a SEGURIDAD SOCIAL  
650 |a PARTIDOS POLITICOS  
650 |a JUSTICIA SOCIAL  
650 |a HONDURAS  
773 |g volumen 26, número 301; páginas 32-36  
999 |c 30674  |d 30674